| 000 | 00852cam a2200253 a 4500 | ||
|---|---|---|---|
| 999 |
_c5095 _d5095 |
||
| 001 | 3922072 | ||
| 003 | OSt | ||
| 005 | 20181220122546.0 | ||
| 008 | 920228s1992 tnua b 001 0 eng | ||
| 010 | _a 92009060 | ||
| 020 | _a0840776950 | ||
| 040 |
_aDLC _cDLC _dDLC |
||
| 050 | 0 | 0 |
_aBV4509.5 _b.M89 1992 |
| 082 | 0 | 0 |
_aREF 235.44 _220 _bM978H |
| 100 | 1 |
_aMurphy, Edward F., _d1921- |
|
| 245 | 1 | 4 |
_aThe handbook for spiritual warfare / _cEd Murphy. |
| 260 |
_aNashville, Tenn. : _bT. Nelson, _cc1992. |
||
| 300 |
_axiv, 593 p. : _bill. ; _c24 cm. |
||
| 504 | _aIncludes bibliographical references (p. 580-581) and indexes. | ||
| 650 | 0 | _aSpiritual warfare. | |
| 906 |
_a7 _bcbc _corignew _d1 _eocip _f19 _gy-gencatlg |
||
| 942 |
_2ddc _cREF |
||